| 000 | 00629nam a2200193Ia 4500 | ||
|---|---|---|---|
| 005 | 20250508164058.0 | ||
| 008 | 008 250505s9999 xx 000 0 eng d | ||
| 020 | _a81-7487-181-0 | ||
| 037 | _aReference | ||
| 040 |
_aFEDL _beng _cFEDL |
||
| 041 |
_aeng _2eng |
||
| 084 |
_a370.71, LEV/RR _qFEDL |
||
| 100 |
_aLevin Barbara B _9777240 |
||
| 245 | 0 | _aCase studies of teacher development: An in-depth look at how thinking about pedagogy develops over time | |
| 260 |
_aNew Jeresy, USA _bLawrence Erlbaum Associates _c2003 |
||
| 300 | _axii,309p. | ||
| 942 |
_cREF _h370.71, LEV/RR |
||
| 999 |
_c1386945 _d1386945 |
||